[Event "Régionale 1 - 2004"]
[Site "?"]
[Date "2004.01.18"]
[Round "4"]
[White "Flourac, Jean-Paul"]
[Black "Boulogne, Laurent"]
[Result "0-1"]
[WhiteElo "1720"]
[BlackElo "1790"]
[EventDate "2004.??.??"]
[Annotator ",OL"]
[PlyCount "50"]

1.d4 d5 2.e4 dxe4 3.Nc3 Nf6 4.f3 exf3 5.Nxf3 Bg4 6.h3 Bh5 7.g4 Bg6 8.Ne5 
e6 9.Qf3 c6 10.g5 Bh5 11.Qf2 Nfd7 12.Be2 Nxe5 13.Bxh5 Ng6 14.Rf1 Qd7 15.
Ne4 Na6 16.c3 Nc7 17.Bf4 Nxf4 18.Qxf4 O-O-O 19.Qd2 Qd5 20.Qe3 f5 21.Nd2 
Qd7 22.Bf3 Nd5 23.Bxd5 Qxd5 24.Kd1 Be7 25.Nf3 Rhf8 0-1

[Event "Régionale 1 - 2004"]
[Site "?"]
[Date "2004.01.18"]
[Round "4"]
[White "Deliot, Philippe"]
[Black "Callejon, Bernard"]
[Result "1-0"]
[WhiteElo "1420"]
[BlackElo "1530"]
[EventDate "2004.??.??"]
[Annotator ",OL"]
[PlyCount "47"]

1.d4 d5 2.Nc3 Nf6 3.e4 dxe4 4.f3 exf3 5.Nxf3 Bg4 6.h3 Bxf3 7.Qxf3 c6 8.Be3
e6 9.O-O-O Bb4 10.Ne4 Nd5 11.c3 Nxe3 12.Qxe3 Be7 13.Kb1 O-O 14.g4 Qb6 15.
h4 a5 16.Bd3 f6 17.Nc5 e5 18.Qe4 g6 19.h5 f5 20.Bc4+ Rf7 21.Bxf7+ Kxf7 22.
hxg6+ hxg6 23.Rh7+ Kg8 24.Qxe5 1-0

[Event "N4B5 Tournefeuille 2 - Lardenne"]
[Site "?"]
[Date "2004.02.01"]
[Round "5.7"]
[White "Wehmeier, Manuel"]
[Black "Foing, Marc"]
[Result "1-0"]
[WhiteElo "1890"]
[BlackElo "1499"]
[EventDate "2004.??.??"]
[PlyCount "67"]

1.d4 Nf6 2.c4 g6 3.Nc3 Bg7 4.Nf3 O-O 5.e4 d6 6.h3 e5 7.d5 Nbd7 8.Bd3 Nc5 
9.Bc2 a5 10.Bg5 h6 11.Be3 b6 12.Qd2 Kh7 13.g4 Nfd7 14.a4 Ba6 15.b3 Nb8 16.
O-O-O Qd7 17.Ng1 Bb7 18.Nge2 Nba6 19.Ng3 Nb4 20.f3 Rfd8 21.h4 f6 22.Kb2 c6
23.Bb1 Ba6 24.Bxh6 Bxh6 25.g5 Bg7 26.h5 b5 27.dxc6 Nxc6 28.Nd5 Rab8 29.
Nxf6+ Bxf6 30.gxf6 bxa4 31.hxg6+ Kxg6 32.Qh6+ Kf7 33.Qg7+ Ke6 34.Qg4+ 1-0

[Event "N4B5 Tournefeuille 2 - Lardenne"]
[Site "?"]
[Date "2004.02.01"]
[Round "5.6"]
[White "Tran, Vinh Loc"]
[Black "Tarayre, Pascal"]
[Result "0-1"]
[WhiteElo "1440"]
[BlackElo "1884"]
[EventDate "2004.??.??"]
[PlyCount "62"]

1.e4 c5 2.Nf3 d6 3.Be2 Nf6 4.d3 g6 5.O-O Bg7 6.h3 O-O 7.c3 Nc6 8.Be3 Qa5 
9.Nbd2 Rb8 10.Qc2 b5 11.d4 cxd4 12.Nxd4 Nxd4 13.Bxd4 Be6 14.f4 Rfc8 15.Rf3
b4 16.b3 Nh5 17.Bxg7 Nxg7 18.Nc4 Qc5+ 19.Kh2 d5 20.exd5 Bxd5 21.Rff1 Nf5 
22.Rg1 Bxc4 23.Bxc4 Ne3 24.Qe2 Nxc4 25.bxc4 bxc3 26.Rge1 Qxc4 27.Qxc4 Rxc4
28.Rxe7 c2 29.Ree1 Rxf4 30.Re2 Rb1 31.Re1 Rfb4 0-1

[Event "N4B5 Tournefeuille 2 - Lardenne"]
[Site "?"]
[Date "2004.02.01"]
[Round "5.5"]
[White "Devos, Hervé"]
[Black "Reynes, Philippe"]
[Result "0-1"]
[WhiteElo "1890"]
[BlackElo "1700"]
[EventDate "2004.??.??"]
[PlyCount "118"]

1.e4 d5 2.exd5 Qxd5 3.Nc3 Qd8 4.d4 g6 5.Bc4 Bg7 6.Nge2 Nh6 7.Bf4 Nf5 8.Nd5
Na6 9.Ne3 Nxd4 10.c3 Ne6 11.Qa4+ Bd7 12.Bb5 Nac5 13.Bxd7+ Qxd7 14.Qxd7+ 
Nxd7 15.Bg3 c6 16.O-O-O O-O-O 17.h4 h5 18.Rhe1 Ndc5 19.Kc2 Ne4 20.f3 Nxg3 
21.Nxg3 Rxd1 22.Nxd1 Rd8 23.Nf2 Bf6 24.Re4 Rd5 25.Ne2 Re5 26.g3 g5 27.hxg5
Rxe4 28.Nxe4 Bxg5 29.Nxg5 Nxg5 30.f4 Ne6 31.Kd3 Kd7 32.Ke4 Kd6 33.f5 Nc5+ 
34.Kd4 e5+ 35.fxe6 fxe6 36.b4 e5+ 37.Ke3 Ne6 38.Ke4 Ng7 39.c4 Ke6 40.a4 
Nf5 41.Kd3 b6 42.Ke4 Nd6+ 43.Kd3 Kf5 44.c5 bxc5 45.bxc5 Ne4 46.Kc4 a5 47.
Nc3 Nxc3 48.Kxc3 Ke4 49.Kd2 Kf3 50.Kd3 e4+ 51.Kd2 Kf2 52.Kc3 e3 53.Kd4 e2 
54.Ke5 e1=Q+ 55.Kd6 Kxg3 56.Kxc6 Qe4+ 57.Kb6 Qxa4 58.c6 Qxc6+ 59.Ka7 Qb5 
0-1

[Event "N4B5 Tournefeuille 2 - Lardenne"]
[Site "?"]
[Date "2004.02.01"]
[Round "5.4"]
[White "Parpinel, Mario"]
[Black "Josserand, Pascal"]
[Result "0-1"]
[WhiteElo "1780"]
[BlackElo "1860"]
[EventDate "2004.??.??"]
[PlyCount "100"]

1.e4 e6 2.d4 d5 3.Nc3 Nf6 4.Bg5 h6 5.Bxf6 gxf6 6.exd5 exd5 7.Qf3 Be6 8.Nh3
c6 9.Nf4 Bd6 10.Nh5 Nd7 11.Ng7+ Kf8 12.Nf5 Bb8 13.Ng3 Qb6 14.O-O-O a5 15.
Na4 Qb4 16.Nc5 Nxc5 17.a3 Nb3+ 18.cxb3 Qe7 19.Nh5 f5 20.h4 Bd6 21.Bd3 Bxa3
22.Bxf5 Bxb2+ 23.Kxb2 Bxf5 24.Qxf5 a4 25.Qe5 Qxe5 26.dxe5 Rg8 27.g3 Ke7 
28.Ra1 axb3 29.Rxa8 Rxa8 30.Kxb3 Ke6 31.f4 c5 32.Ng7+ Kd7 33.Rd1 Kc6 34.
Nf5 d4 35.Nxh6 b5 36.Nf5 c4+ 37.Kc2 d3+ 38.Kb2 b4 39.Nd4+ Kc5 40.Nb3+ Kd5 
41.h5 Ke4 42.Nd2+ Kd4 43.Nf1 Ra3 44.Rb1 Rc3 45.h6 Rc2+ 46.Ka1 b3 47.Rd1 
Ra2+ 48.Kb1 c3 49.h7 c2+ 50.Kc1 Ra1+ 0-1

[Event "N4B5 Tournefeuille 2 - Lardenne"]
[Site "?"]
[Date "2004.02.01"]
[Round "5.3"]
[White "Perin, Gilles"]
[Black "Surre, Frédéric"]
[Result "1-0"]
[WhiteElo "1830"]
[BlackElo "1830"]
[EventDate "2004.??.??"]
[PlyCount "65"]

1.e4 e5 2.Nf3 Nc6 3.Bc4 Nf6 4.Ng5 d5 5.exd5 Na5 6.Bb5+ c6 7.dxc6 bxc6 8.
Qf3 Bb7 9.Ba4 h6 10.Ne4 Nxe4 11.Qxe4 Qd4 12.Qxd4 exd4 13.d3 Bb4+ 14.Bd2 
Bxd2+ 15.Nxd2 Bc8 16.b4 Nb7 17.Bxc6+ Kd8 18.Nb3 Kc7 19.Bxb7 Bxb7 20.Nxd4 
Bxg2 21.Rg1 Rhe8+ 22.Kd2 Rad8 23.Rxg2 Rxd4 24.Rxg7 Re7 25.Re1 Red7 26.Kc3 
Rh4 27.Rg2 Kd8 28.Re4 Rh5 29.Rg8+ Kc7 30.Rc4+ Kd6 31.Rd4+ Ke7 32.Rxd7+ 
Kxd7 33.Rg2 1-0

[Event "N4B5 Tournefeuille 2 - Lardenne"]
[Site "?"]
[Date "2004.02.01"]
[Round "5.2"]
[White "Videau, Yannick"]
[Black "Jacquart, Christian"]
[Result "1/2-1/2"]
[WhiteElo "1830"]
[BlackElo "1860"]
[EventDate "2004.??.??"]
[PlyCount "58"]

1.e4 c5 2.Nc3 Nc6 3.f4 d6 4.Nf3 Nf6 5.Bc4 e6 6.O-O Be7 7.d3 O-O 8.Qe1 d5 
9.Bb3 d4 10.Ne2 Na5 11.Qg3 b5 12.a3 Nxb3 13.cxb3 Qb6 14.Kh1 Bb7 15.Qh3 
Rad8 16.Ng3 c4 17.e5 Nd5 18.bxc4 bxc4 19.dxc4 Ne3 20.Bxe3 Bxf3 21.Rxf3 
Qxb2 22.Re1 dxe3 23.Rfxe3 Bc5 24.Rf3 Bf2 25.Rf1 Bxg3 26.Qxg3 Qe2 27.Qf2 
Qxc4 28.Qxa7 Rd2 29.Qe3 Qa2 1/2-1/2

[Event "N4B5 Tournefeuille 2 - Lardenne"]
[Site "?"]
[Date "2004.02.01"]
[Round "5.1"]
[White "Bruzzone, Georges"]
[Black "Cwiek, Loïc"]
[Result "1/2-1/2"]
[WhiteElo "2030"]
[BlackElo "2046"]
[EventDate "2004.??.??"]
[PlyCount "47"]

1.e4 c5 2.Nf3 Nc6 3.d4 cxd4 4.Nxd4 g6 5.Nc3 Bg7 6.Be3 Nf6 7.Be2 O-O 8.f4 
Qb6 9.e5 Ne8 10.Qd2 Qxb2 11.Rb1 Qa3 12.Nb3 d6 13.O-O Be6 14.Nb5 Qa4 15.Nc3
Qa3 16.Nb5 Qb4 17.c3 Qa4 18.N5d4 Nxd4 19.Nxd4 Qxa2 20.Rb2 Qa5 21.Rxb7 dxe5
22.Nc6 Qa3 23.fxe5 a5 24.Nxe7+ 1/2-1/2

[Event "N4B5 Montauban - Castres"]
[Site "?"]
[Date "2004.02.01"]
[Round "5.8"]
[White "Sandel, Frieder"]
[Black "Fumenier, Thierry"]
[Result "0-1"]
[WhiteElo "1570"]
[BlackElo "1690"]
[EventDate "2004.??.??"]
[PlyCount "77"]

1.d4 d5 2.Nf3 Nf6 3.c4 c6 4.Bf4 e6 5.e3 Nbd7 6.Bd3 dxc4 7.Bxc4 b5 8.Bd3 a6
9.a3 c5 10.b3 Bb7 11.O-O Nh5 12.Bg5 Nhf6 13.Nbd2 h6 14.Bh4 g5 15.Bg3 g4 
16.Ne5 h5 17.dxc5 Nxc5 18.Bc2 Bh6 19.b4 Ncd7 20.Nd3 Rc8 21.Bh4 Qb6 22.Nb3 
Bxg2 23.Kxg2 Qc6+ 24.Kg1 Qxc2 25.Qxc2 Rxc2 26.Ndc5 O-O 27.Nxa6 Nd5 28.Rfd1
Ne5 29.Nd4 Rc4 30.Kg2 Bxe3 31.Nxb5 Bb6 32.Bg3 Nf3 33.Rac1 Rfc8 34.Rxc4 
Rxc4 35.Bd6 Rc2 36.Bc5 Bxc5 37.Nxc5 Ne3+ 38.Kg3 Nxd1 39.h3 0-1

[Event "N4B5 Montauban - Castres"]
[Site "?"]
[Date "2004.02.01"]
[Round "5.7"]
[White "Gilabert, David"]
[Black "Le Men, Yves"]
[Result "0-1"]
[WhiteElo "1670"]
[BlackElo "1499"]
[EventDate "2004.??.??"]
[PlyCount "55"]

1.f4 Nf6 2.Nf3 d6 3.d4 g6 4.e3 Bg7 5.Bd3 O-O 6.O-O Nc6 7.a3 Bg4 8.c4 e5 9.
dxe5 dxe5 10.Qc2 exf4 11.Nc3 Bxf3 12.gxf3 fxe3 13.Bxe3 Re8 14.Ne4 Nxe4 15.
Bxe4 Nd4 16.Qf2 Nc6 17.Rad1 Qf6 18.b4 Qc3 19.Rd7 Kh8 20.Rxf7 Red8 21.Re1 
Ne5 22.Rxc7 Nd3 23.Bxd3 Rxd3 24.Rc1 Qe5 25.Rxg7 Kxg7 26.Bxa7 Qg5+ 27.Qg3 
Qxc1+ 28.Kg2 0-1

[Event "N4B5 Montauban - Castres"]
[Site "?"]
[Date "2004.02.01"]
[Round "5.5"]
[White "Petat, Yannick"]
[Black "Carivenc, Thierry"]
[Result "0-1"]
[WhiteElo "1710"]
[BlackElo "1750"]
[EventDate "2004.??.??"]
[PlyCount "62"]

1.d4 Nf6 2.c4 g6 3.Nc3 Bg7 4.Nf3 d6 5.g3 O-O 6.Bg2 Nbd7 7.O-O c5 8.d5 a6 
9.h3 Rb8 10.a4 b6 11.e4 Ne8 12.Re1 Qc7 13.Bg5 f6 14.Be3 Ne5 15.Nxe5 dxe5 
16.Qd3 Nd6 17.f4 f5 18.Kh2 fxe4 19.Bxe4 Nf5 20.Bxf5 Bxf5 21.Qd2 Bd7 22.Ne4
Bf5 23.Qg2 h6 24.fxe5 Bxe5 25.Bxh6 Bxe4 26.Rxe4 Bxg3+ 27.Kg1 Rf2 28.Qxf2 
Bxf2+ 29.Kxf2 Qh2+ 30.Ke3 Qxh3+ 31.Kf2 Qxh6 0-1

[Event "N4B5 Montauban - Castres"]
[Site "?"]
[Date "2004.02.01"]
[Round "5.4"]
[White "Casals, Philippe"]
[Black "De Jong, Arjen"]
[Result "1-0"]
[WhiteElo "1760"]
[BlackElo "1840"]
[EventDate "2004.??.??"]
[PlyCount "105"]

1.d4 Nf6 2.Nf3 g6 3.Nbd2 Bg7 4.e4 d6 5.Bd3 O-O 6.O-O Nbd7 7.c3 e5 8.Re1 
Re8 9.Nf1 h6 10.Ng3 Nf8 11.Bd2 Ne6 12.d5 Nc5 13.Bc2 Bg4 14.h3 Bh5 15.Nxh5 
Nxh5 16.Nh2 Nf6 17.b4 Ncd7 18.Bd3 c6 19.c4 Rc8 20.Rc1 cxd5 21.cxd5 a6 22.
Rxc8 Qxc8 23.Qf3 Qb8 24.a4 b5 25.axb5 axb5 26.Qe2 Rd8 27.Bxb5 Nxe4 28.Bxd7
Nxd2 29.Qxd2 Rxd7 30.Ng4 Kh7 31.Ne3 f5 32.Nc4 e4 33.Na5 Rc7 34.Nc6 Qb5 35.
Qa2 Rb7 36.Re3 g5 37.Ra3 f4 38.Qc2 Qxd5 39.Ra5 Qd3 40.Qxd3 exd3 41.Rd5 Bc3
42.Rxd3 Bxb4 43.Rb3 Kg6 44.Rxb4 Rxb4 45.Nxb4 Kf5 46.Kf1 h5 47.Ke2 Ke4 48.
f3+ Kd4 49.Kd2 Kc4 50.Na6 d5 51.Nc7 Kd4 52.Ne6+ Ke5 53.Nxg5 1-0

[Event "N4B5 Montauban - Castres"]
[Site "?"]
[Date "2004.02.01"]
[Round "5.3"]
[White "Forestie, Pierre"]
[Black "Le Doare, Bernard"]
[Result "1-0"]
[WhiteElo "1930"]
[BlackElo "1960"]
[EventDate "2004.??.??"]
[PlyCount "129"]

1.e4 Nf6 2.e5 Nd5 3.d4 d6 4.c4 Nb6 5.exd6 cxd6 6.Nc3 g6 7.Be3 Bg7 8.Qd2 
O-O 9.h4 h5 10.f3 Nc6 11.Be2 e5 12.d5 Nd4 13.g4 Nxe2 14.Qxe2 Qc7 15.Bxb6 
Qxb6 16.gxh5 gxh5 17.Nh3 Bf5 18.Nf2 Rfe8 19.Nfe4 Rac8 20.Nb5 Red8 21.a4 
Qa5+ 22.Kf1 Qb4 23.Rc1 a6 24.Na3 Qxa4 25.Rg1 Kf8 26.Rc3 b5 27.Nc2 b4 28.b3
Qa5 29.Rd3 Qb6 30.Ne3 Bg6 31.Rd2 Bh6 32.Ng5 Bxg5 33.Rxg5 Ke7 34.f4 Kd7 35.
f5 Bh7 36.Qxh5 Kc7 37.Nd1 Bg8 38.Rg4 Kb8 39.Rdg2 f6 40.Qh6 Rf8 41.Nb2 Qd8 
42.Rg7 Qb6 43.R2g4 Bxd5 44.cxd5 Rc2 45.Rg2 Rc3 46.Nc4 Qd8 47.Qh7 Qc8 48.
Rg8 Rc1+ 49.Ke2 Rc2+ 50.Nd2 Rxd2+ 51.Kxd2 Qc3+ 52.Ke2 Qc2+ 53.Kf1 Qc1+ 54.
Kf2 Qf4+ 55.Kg1 Qc1+ 56.Kh2 Qf4+ 57.Kh3 Qf3+ 58.R8g3 Qf1 59.Kh2 Qf4 60.Rc2
Ka8 61.Ra2 Qf1 62.Qg7 Rc8 63.Qd7 Kb8 64.Qxd6+ Kb7 65.Rg7+ 1-0

[Event "N4B5 Montauban - Castres"]
[Site "?"]
[Date "2004.02.01"]
[Round "5.2"]
[White "Bottu, Eric"]
[Black "Hoareau, Nicolas"]
[Result "1/2-1/2"]
[WhiteElo "2030"]
[BlackElo "1930"]
[EventDate "2004.??.??"]
[PlyCount "105"]

1.e4 e6 2.d4 d5 3.Nc3 Nf6 4.e5 Nfd7 5.f4 c5 6.Nf3 Nc6 7.Bb5 Qb6 8.Be3 cxd4
9.Nxd4 Bc5 10.Na4 Qa5+ 11.Bd2 Bb4 12.Bxc6 bxc6 13.c3 Nb6 14.Nxb6 Qxb6 15.
O-O Be7 16.Qc2 c5 17.Nf3 Rb8 18.Rab1 a5 19.Be3 Ba6 20.Rfe1 Qb5 21.Kh1 O-O 
22.Qf2 Rfc8 23.g4 Qc6 24.Red1 Bb7 25.Kg2 d4 26.cxd4 Bh4 27.d5 exd5 28.Nxh4
d4+ 29.Kh3 dxe3 30.Qxe3 Rd8 31.b3 Rd5 32.Nf5 Kf8 33.Qf2 Ba8 34.Nd6 Rb4 35.
Kg3 Rbd4 36.Rxd4 Rxd4 37.Re1 Rd3+ 38.Kh4 Qc7 39.Re3 Qe7+ 40.Kg3 Rd4 41.Qc2
g6 42.h4 Rxd6 43.Qxc5 Rd7 44.Qxa5 Ra7 45.Qd2 Ra6 46.Rd3 Qa7 47.Rd8+ Kg7 
48.Rd7 Qg1+ 49.Kh3 Qf1+ 50.Kh2 Qb1 51.Rxf7+ Kxf7 52.Qd7+ Kg8 53.Qd8+ 
1/2-1/2

[Event "N4B5 Montauban - Castres"]
[Site "?"]
[Date "2004.02.01"]
[Round "5.1"]
[White "Gregory, Daniel"]
[Black "Scandella, Thierry"]
[Result "1-0"]
[WhiteElo "2036"]
[BlackElo "2130"]
[EventDate "2004.??.??"]
[PlyCount "59"]

1.e4 e6 2.d3 d5 3.Nd2 Nf6 4.Ngf3 c5 5.g3 Nc6 6.Bg2 Be7 7.O-O O-O 8.Re1 Qc7
9.e5 Nd7 10.Qe2 b5 11.c3 a5 12.Nf1 Ba6 13.Bf4 Rfd8 14.h4 Nf8 15.h5 Rac8 
16.N1h2 d4 17.Ng4 dxc3 18.bxc3 b4 19.c4 Nd4 20.Nxd4 Rxd4 21.Be4 Bb7 22.
Nf6+ Kh8 23.Bxb7 Qxb7 24.Ne4 Rd7 25.Be3 Qc6 26.h6 Ng6 27.hxg7+ Kxg7 28.Qh5
f5 29.exf6+ Bxf6 30.Qh6+ 1-0

[Event "N4B5 - Rodez - Cahors"]
[Site "?"]
[Date "2004.02.01"]
[Round "5.8"]
[White "Delmas, Jean"]
[Black "Albouy, Philippe"]
[Result "1-0"]
[WhiteElo "1650"]
[BlackElo "1440"]
[EventDate "2004.??.??"]
[PlyCount "57"]

1.e4 c5 2.Nc3 d6 3.f4 Nc6 4.Nf3 Nf6 5.Bc4 e6 6.O-O Be7 7.a3 O-O 8.d3 a6 9.
Qe1 b5 10.Ba2 Qc7 11.Nh4 Nd4 12.Bb1 Bb7 13.Ne2 Nxe2+ 14.Qxe2 Nxe4 15.dxe4 
Bxh4 16.Qg4 Bf6 17.c3 Rad8 18.f5 exf5 19.Qxf5 Bc8 20.Qf3 Rfe8 21.Qg3 Qe7 
22.Rxf6 Qxf6 23.Bg5 Qe5 24.Qxe5 Rxe5 25.Bxd8 Bb7 26.Bc7 Re6 27.Bc2 d5 28.
exd5 Bxd5 29.Rd1 1-0

[Event "N4B5 - Rodez - Cahors"]
[Site "?"]
[Date "2004.02.01"]
[Round "5.7"]
[White "De Biasi, Robert"]
[Black "Salvignac, Rémy"]
[Result "1-0"]
[WhiteElo "1650"]
[BlackElo "1650"]
[EventDate "2004.??.??"]
[PlyCount "111"]

1.e4 e6 2.d4 d5 3.Nc3 c5 4.Nf3 Nc6 5.Be3 Qa5 6.e5 Nge7 7.Be2 Nf5 8.O-O Bd7
9.Qd2 Nfxd4 10.Bxd4 cxd4 11.Nb5 Qb6 12.Nbxd4 Be7 13.a3 O-O 14.b4 a6 15.c3 
Rac8 16.a4 Na7 17.Rfc1 Qd8 18.Bd3 h6 19.h3 Qe8 20.a5 Nb5 21.Nxb5 Bxb5 22.
Rc2 Bc4 23.Bxc4 Rxc4 24.Qd3 Qc6 25.Nd2 Rf4 26.g3 Rf5 27.Qd4 Qc7 28.Re1 f6 
29.exf6 Bxf6 30.Qb6 Qxb6 31.axb6 Kf7 32.c4 Rc8 33.c5 Bd8 34.Rcc1 e5 35.Kg2
Bg5 36.Rc2 Bd8 37.Ra2 Ke6 38.Nf3 Kf6 39.Rae2 e4 40.Nd4 Re5 41.f4 exf3+ 42.
Kxf3 Rxe2 43.Rxe2 Be7 44.Ne6 Bd8 45.Nf4 d4 46.Rd2 Ke5 47.Re2+ Kf6 48.Ke4 
g5 49.Nd5+ Kg6 50.Kxd4 Bf6+ 51.Kc4 Kf7 52.g4 Rd8 53.Rf2 Rxd5 54.Kxd5 Ke7 
55.Rxf6 Kxf6 56.Kd6 1-0

[Event "N4B5 - Rodez - Cahors"]
[Site "?"]
[Date "2004.02.01"]
[Round "5.6"]
[White "Van Hall, Pieter"]
[Black "Bonnavenc, Arnaud"]
[Result "1-0"]
[WhiteElo "1690"]
[BlackElo "1690"]
[EventDate "2004.??.??"]
[PlyCount "89"]

1.d4 Nf6 2.Bg5 Ne4 3.Bf4 e6 4.e3 b6 5.Bd3 Bb7 6.f3 Nf6 7.Ne2 c5 8.O-O Nc6 
9.c3 Nd5 10.Nd2 g5 11.Bg3 Nxe3 12.Qc1 Nxf1 13.Kxf1 d5 14.dxc5 Bxc5 15.Nb3 
f6 16.Qc2 Bd6 17.Bxh7 Bxg3 18.Bg6+ Kf8 19.Nxg3 Rxh2 20.Bh5 Qc7 21.Kf2 Rd8 
22.Re1 Bc8 23.Bg4 Ne5 24.Bh3 d4 25.Qe4 Bb7 26.Nxd4 Bxe4 27.Nxe6+ Kf7 28.
Nxc7 Nd3+ 29.Kg1 Rxh3 30.Rxe4 Rxg3 31.Kh2 f5 32.Re2 f4 33.Nb5 Re8 34.Nd6+ 
Kg7 35.Nxe8+ Kf8 36.Nf6 Nc5 37.Nh5 g4 38.Nxg3 gxf3 39.gxf3 fxg3+ 40.Kxg3 
Kf7 41.Kf4 Kf6 42.Re3 Ne6+ 43.Rxe6+ Kxe6 44.Ke4 Kd6 45.c4 1-0

[Event "N4B5 - Rodez - Cahors"]
[Site "?"]
[Date "2004.02.01"]
[Round "5.5"]
[White "Cuq, Christian"]
[Black "Dervieux, Dominique"]
[Result "1/2-1/2"]
[WhiteElo "1700"]
[BlackElo "1840"]
[EventDate "2004.??.??"]
[PlyCount "37"]

1.c4 g6 2.g3 Bg7 3.Bg2 c6 4.Nf3 Nf6 5.Nc3 d5 6.cxd5 Nxd5 7.O-O O-O 8.d4 
Nd7 9.Re1 Nxc3 10.bxc3 e5 11.Rb1 Qa5 12.Bd2 Qxa2 13.Qc1 exd4 14.cxd4 Nb6 
15.Rb2 Qc4 16.Rc2 Qa4 17.Rb2 Qc4 18.Rc2 Qa4 19.Rb2 1/2-1/2

[Event "N4B5 - Rodez - Cahors"]
[Site "?"]
[Date "2004.02.01"]
[Round "5.4"]
[White "Canivet, Christophe"]
[Black "Donadille, Romuald"]
[Result "1/2-1/2"]
[WhiteElo "1840"]
[BlackElo "1720"]
[EventDate "2004.??.??"]
[PlyCount "134"]

1.e4 g6 2.Bc4 Bg7 3.f4 e5 4.Nf3 d6 5.O-O Nc6 6.c3 Nf6 7.Qb3 Qe7 8.Ng5 O-O 
9.f5 gxf5 10.exf5 d5 11.Bb5 Qc5+ 12.Kh1 Bd7 13.Bxc6 Bxc6 14.Qd1 h6 15.d4 
Qd6 16.Nf3 Bb5 17.dxe5 Qa6 18.exf6 Bxf1 19.fxg7 Rfe8 20.c4 Qxc4 21.Nc3 Be2
22.Nxe2 Rxe2 23.Bxh6 Rae8 24.Qf1 Qb4 25.Rd1 c6 26.Rd2 Rxd2 27.Bxd2 Qxb2 
28.Qc1 Qxg7 29.Bh6 Qg4 30.Qg5+ Qxg5 31.Bxg5 Re2 32.h4 c5 33.Bf6 d4 34.Kg1 
d3 35.Kf1 b5 36.h5 Rc2 37.h6 Kh7 38.Bg7 d2 39.Ke2 d1=Q+ 40.Kxd1 Rxg2 41.
Ne5 Rg5 42.Nxf7 Rxf5 43.Ne5 Rg5 44.Kc2 Rg2+ 45.Kb1 Rg1+ 46.Kc2 Rg2+ 47.Kd1
Rxa2 48.Nd7 Rg2 49.Nf8+ Kg8 50.Be5 Rg1+ 51.Kc2 Rh1 52.h7+ Kxf8 53.h8=Q+ 
Rxh8 54.Bxh8 Ke7 55.Kb3 Kd6 56.Bg7 Kd5 57.Kc3 a5 58.Bf6 a4 59.Bd8 b4+ 60.
Kb2 Kd4 61.Ka2 c4 62.Ba5 b3+ 63.Kb2 Kd3 64.Bb4 Kd4 65.Bc3+ Kd3 66.Bb4 c3+ 
67.Bxc3 a3+ 1/2-1/2

[Event "N4B5 - Rodez - Cahors"]
[Site "?"]
[Date "2004.02.01"]
[Round "5.3"]
[White "Besset, Thierry"]
[Black "Van Steenbergen, Alain"]
[Result "1-0"]
[WhiteElo "1750"]
[BlackElo "1850"]
[EventDate "2004.??.??"]
[PlyCount "91"]

1.d4 d5 2.e4 dxe4 3.Nc3 Nf6 4.f3 e3 5.Bxe3 e6 6.Bd3 Bb4 7.Ne2 Nd5 8.Bd2 
Nc6 9.Nxd5 Bxd2+ 10.Qxd2 exd5 11.c3 Qf6 12.Qc2 Be6 13.O-O Ne7 14.Rae1 g6 
15.Rf2 Bf5 16.Bxf5 gxf5 17.Nf4 O-O-O 18.Rfe2 Ng6 19.Nh5 Qg5 20.Ng3 Nf4 21.
Re5 Rhg8 22.Qxf5+ Qxf5 23.Rxf5 Nd3 24.Re2 Rge8 25.b3 Rxe2 26.Nxe2 Rd7 27.
Rg5 f6 28.Rg8+ Rd8 29.Rxd8+ Kxd8 30.g4 Ke7 31.f4 c6 32.h4 b5 33.b4 Nb2 34.
Kf2 Nc4 35.Ng3 Nb6 36.g5 Na4 37.Ne2 f5 38.h5 Nb6 39.Ng3 Ke6 40.h6 Kf7 41.
Ke2 Kg6 42.Nf1 Nc4 43.Nh2 a5 44.bxa5 Nxa5 45.Nf3 Nc4 46.Nh4+ 1-0

[Event "N4B5 - Rodez - Cahors"]
[Site "?"]
[Date "2004.02.01"]
[Round "5.2"]
[White "Thamier, Stephan"]
[Black "Nghiem, Luat"]
[Result "1/2-1/2"]
[WhiteElo "1870"]
[BlackElo "2020"]
[EventDate "2004.??.??"]
[PlyCount "91"]

1.e4 c6 2.d4 d5 3.e5 Bf5 4.Bd3 Bxd3 5.Qxd3 e6 6.f4 c5 7.c3 Nc6 8.Nf3 Qb6 
9.b3 Nh6 10.Bb2 Be7 11.Ng5 cxd4 12.cxd4 Nf5 13.Nf3 Rc8 14.a3 Rc7 15.O-O 
O-O 16.Kh1 Rfc8 17.Rd1 Na5 18.b4 Nc4 19.Bc3 a6 20.Rc1 Nfe3 21.Nbd2 Ng4 22.
Kg1 Nge3 23.Nxc4 Nxc4 24.Nd2 Nxd2 25.Bxd2 Rc4 26.Kf2 Qb5 27.Ke3 f5 28.Rxc4
Qxc4 29.Qxc4 Rxc4 30.Rc1 b5 31.Rxc4 bxc4 32.a4 Bd8 33.h3 Kf7 34.g4 g6 35.
g5 Ke8 36.Bc3 Kd7 37.Kd2 Kc6 38.Kc2 Kb6 39.Kb2 Be7 40.h4 Bf8 41.Bd2 h6 42.
Bc3 hxg5 43.hxg5 Be7 44.Bd2 Kc6 45.Kc2 Bd8 46.Kb2 1/2-1/2

[Event "N4B5 - Rodez - Cahors"]
[Site "?"]
[Date "2004.02.01"]
[Round "5.1"]
[White "Tanguy, Fabien"]
[Black "Nivat, Alain"]
[Result "1-0"]
[WhiteElo "2086"]
[BlackElo "1980"]
[EventDate "2004.??.??"]
[PlyCount "75"]

1.c4 Nf6 2.Nc3 e6 3.g3 d5 4.cxd5 exd5 5.d4 c6 6.Bg2 Bd6 7.Nf3 Bg4 8.Ne5 
Bf5 9.O-O Nbd7 10.Qb3 Nxe5 11.dxe5 Bxe5 12.Qxb7 O-O 13.Qxc6 Rc8 14.Qb5 Rb8
15.Qc5 Rc8 16.Qxa7 Ra8 17.Qe3 Re8 18.Qg5 Bg6 19.e3 h6 20.Qh4 Rc8 21.Ne2 
Bd3 22.Re1 Rc2 23.Nc3 Rxc3 24.bxc3 Bxc3 25.Rd1 Bc2 26.Bd2 Bxa1 27.Rxa1 Be4
28.Bc3 Bxg2 29.Bxf6 Qxf6 30.Qxf6 gxf6 31.Kxg2 Rb8 32.a4 Kf8 33.Kf3 Ke7 34.
a5 h5 35.a6 Ra8 36.a7 f5 37.Ra6 f6 38.Kf4 1-0

[Event "N4A5 Tarbes - Colomiers"]
[Site "?"]
[Date "2004.02.01"]
[Round "5.8"]
[White "Avdagic, Ajdin"]
[Black "Bildstein, Gérard"]
[Result "0-1"]
[WhiteElo "1299"]
[BlackElo "158"]
[EventDate "2004.??.??"]
[PlyCount "104"]

1.b3 e5 2.Bb2 d6 3.h3 Nc6 4.Nf3 Nf6 5.d4 exd4 6.Nxd4 Bd7 7.e3 Be7 8.Bb5 
Nxd4 9.Bxd7+ Qxd7 10.Bxd4 O-O 11.Nd2 Nd5 12.a3 Bf6 13.Bxf6 Nxf6 14.O-O 
Rfe8 15.Qf3 c6 16.Rad1 Qc7 17.Qg3 Rad8 18.Rfe1 Re6 19.c4 Qe7 20.Nf3 Ne4 
21.Qh4 Qxh4 22.Nxh4 g6 23.f3 Nc5 24.b4 Nd7 25.f4 Nf6 26.Nf3 h6 27.c5 d5 
28.Ne5 Rde8 29.Rd3 Kg7 30.Ng4 Nxg4 31.hxg4 Re4 32.Kf2 Rc4 33.Re2 a5 34.Rb2
Re7 35.Rdb3 axb4 36.axb4 Ree4 37.g3 Kf6 38.b5 Rxc5 39.bxc6 bxc6 40.Rd2 
Rec4 41.Kf3 Ke6 42.Rh2 Rc3 43.Rxc3 Rxc3 44.Rxh6 d4 45.f5+ Kf6 46.fxg6 fxg6
47.Rh8 Rxe3+ 48.Kf2 Re6 49.Kf3 Ke5 50.Rf8 Kd5 51.Kf4 c5 52.Kg5 d3 0-1

[Event "N4A5 Tarbes - Colomiers"]
[Site "?"]
[Date "2004.02.01"]
[Round "5.7"]
[White "Baumgartner, Georges"]
[Black "Amblard, Philippe"]
[Result "1-0"]
[WhiteElo "1650"]
[BlackElo "1490"]
[EventDate "2004.??.??"]
[PlyCount "102"]

1.e4 e6 2.d4 d5 3.Nd2 c5 4.c3 Nc6 5.Ngf3 Qb6 6.e5 cxd4 7.Nb3 dxc3 8.bxc3 
Qc7 9.Bb5 a6 10.Bxc6+ Qxc6 11.Qd3 Ne7 12.Nbd4 Qc7 13.O-O Ng6 14.Re1 Bc5 
15.Bd2 O-O 16.Rab1 b5 17.h4 f6 18.exf6 Rxf6 19.g3 Bd7 20.h5 Bxd4 21.cxd4 
Nf8 22.Rbc1 Qd6 23.Ne5 Be8 24.Bg5 Rf5 25.f4 Nd7 26.g4 Rf8 27.Qe3 h6 28.Bh4
Nxe5 29.fxe5 Qd7 30.Qa3 Bf7 31.Be7 Rfe8 32.Bd6 Qa7 33.Bc5 Qb7 34.Rf1 Rec8 
35.Qf3 Rc7 36.Rf2 Rac8 37.Qe3 Qc6 38.Rfc2 Qe8 39.Qa3 Rc6 40.Qb3 Qd7 41.a4 
bxa4 42.Qxa4 Be8 43.Qa5 Qb7 44.Qd2 Ra8 45.Rb2 Qf7 46.Rf1 Qd7 47.Rf8+ Kh7 
48.Qd3+ g6 49.Qb3 Rc7 50.hxg6+ Kg7 51.Qf3 Rcc8 1-0

[Event "N4A5 Tarbes - Colomiers"]
[Site "?"]
[Date "2004.02.01"]
[Round "5.6"]
[White "Moiseyev, Vlas"]
[Black "Carassus, Jean-Louis"]
[Result "1-0"]
[WhiteElo "1499"]
[BlackElo "1710"]
[EventDate "2004.??.??"]
[PlyCount "85"]

1.e4 e5 2.Nf3 d6 3.Bc4 Be7 4.d4 exd4 5.Qxd4 Nf6 6.Bg5 O-O 7.O-O Nc6 8.Qd3 
Bg4 9.Nbd2 Re8 10.Rfe1 a6 11.a4 Be6 12.Bxe6 fxe6 13.Qb3 Qc8 14.Rad1 Kh8 
15.e5 Nd5 16.exd6 cxd6 17.Nc4 Qc7 18.Rxe6 Nf6 19.Rde1 d5 20.Bxf6 gxf6 21.
Nb6 Rad8 22.Nxd5 Qd7 23.Nxe7 Rxe7 24.Rxe7 Nxe7 25.Qe6 Qxe6 26.Rxe6 Ng6 27.
Kf1 Kg7 28.g3 Kf7 29.Rb6 Rd7 30.Ke2 Ne7 31.Nd2 Nc6 32.Ne4 Re7 33.Rxb7 Rxb7
34.Nd6+ Ke6 35.Nxb7 Kd5 36.c3 h5 37.f4 Kc4 38.Kd2 Kb3 39.Nc5+ Kxb2 40.Nxa6
Kb3 41.Kd3 Kxa4 42.Nc5+ Kb5 43.Ne4 1-0

[Event "N4A5 Tarbes - Colomiers"]
[Site "?"]
[Date "2004.02.01"]
[Round "5.5"]
[White "Lacomme, Christophe"]
[Black "Artis, Paul"]
[Result "1-0"]
[WhiteElo "1770"]
[BlackElo "1560"]
[EventDate "2004.??.??"]
[PlyCount "109"]

1.d4 Nf6 2.Bf4 d5 3.e3 e6 4.Nf3 Nbd7 5.Nbd2 c5 6.c3 Be7 7.Qc2 O-O 8.Bd3 
Re8 9.Bg3 Nf8 10.Ne5 Bd7 11.f4 cxd4 12.exd4 Nh5 13.Ndf3 f6 14.Nxd7 Qxd7 
15.Qe2 a6 16.Nd2 g6 17.O-O Nxg3 18.hxg3 Bd6 19.Nf3 Qg7 20.Qd2 e5 21.dxe5 
fxe5 22.fxe5 Bxe5 23.Nxe5 Rxe5 24.Be2 Nd7 25.Bf3 Qe7 26.Rad1 Kh8 27.Bxd5 
Re2 28.Qd4+ Qe5 29.Bxb7 Rb8 30.Bf3 Qxd4+ 31.Rxd4 Re7 32.Rfd1 Nf6 33.Rd8+ 
Rxd8 34.Rxd8+ Kg7 35.Kf2 Rf7 36.Rd4 h5 37.Ra4 Ng4+ 38.Ke2 Re7+ 39.Re4 Rb7 
40.b3 Nf6 41.Ra4 Rb6 42.Rb4 Rd6 43.a4 g5 44.g4 h4 45.Rc4 Kh6 46.Rc6 Rxc6 
47.Bxc6 Nxg4 48.a5 Ne5 49.Bb7 g4 50.Bxa6 h3 51.gxh3 gxh3 52.Bb7 Kg5 53.a6 
Nd7 54.a7 Nb6 55.a8=Q 1-0